Les 500 plus grandes villes de France - hors Ile de France - Statistiques

Statistiques générales
  • Ce quiz a été pris 1 599 fois
    1 003 depuis la dernière actualisation
  • Le résultat moyen est 185 sur 500
Statistiques - réponses
Département Population ( 2022 ) Réponse % Correct
69 520 774 Lyon
97%
13 877 215 Marseille
97%
59 238 695 Lille
96%
54 15 570 Toul
95%
06 353 701 Nice
94%
31 511 684 Toulouse
94%
33 265 328 Bordeaux
93%
44 325 070 Nantes
93%
35 227 830 Rennes
93%
67 291 709 Strasbourg
93%
34 307 101 Montpellier
92%
83 180 834 Toulon
89%
29 140 993 Brest
88%
42 172 569 Saint-Etienne
88%
76 28 653 Saint-Etienne-du-Rouvray
88%
38 156 389 Grenoble
87%
37 138 668 Tours
87%
14 108 398 Caen
86%
76 166 462 Le Havre
86%
57 121 695 Metz
86%
76 116 331 Rouen
86%
49 157 555 Angers
85%
63 147 751 Clermont-Ferrand
85%
21 159 941 Dijon
85%
85 54 699 La-Roche-sur-Yon
85%
51 178 478 Reims
85%
80 134 780 Amiens
84%
06 74 040 Cannes
84%
45 116 344 Orléans
84%
74 131 272 Annecy
83%
17 79 961 La Rochelle
83%
72 145 182 Le Mans
83%
54 104 387 Nancy
83%
30 150 444 Nimes
83%
66 120 996 Perpignan
82%
01 42 065 Bourg-en-Bresse
81%
59 87 013 Dunkerque
81%
26 64 288 Valence
81%
87 129 754 Limoges
80%
64 78 620 Pau
80%
29 64 530 Quimper
80%
13 147 933 Aix-en-Provence
79%
2A 75 343 Ajaccio
79%
84 91 760 Avignon
79%
68 104 924 Mulhouse
79%
974 156 149 Saint-Denis
79%
69 162 207 Villeurbanne
79%
25 120 057 Besançon
78%
86 89 472 Poitiers
78%
64 53 312 Bayonne
77%
62 67 585 Calais
77%
59 99 507 Roubaix
77%
11 46 429 Carcassonne
76%
68 67 360 Colmar
76%
56 58 202 Lorient
76%
2B 47 459 Bastia
75%
56 54 955 Vannes
75%
64 25 810 Biarritz
74%
50 78 021 Cherbourg-en-Cotentin
74%
10 62 443 Troyes
74%
73 60 251 Chambéry
73%
79 60 074 Niort
72%
35 47 255 Saint-Malo
72%
44 73 111 Saint-Nazaire
72%
34 80 815 Béziers
71%
18 64 238 Bourges
71%
972 75 165 Fort-de-France
71%
53 49 474 Laval
71%
62 32 697 Lens
71%
59 99 160 Tourcoing
71%
89 35 236 Auxerre
70%
22 44 607 Saint-Brieuc
69%
81 50 605 Albi
68%
90 45 646 Belfort
68%
71 44 592 Chalon-sur-Saone
68%
05 40 656 Gap
67%
11 56 692 Narbonne
67%
50 19 352 Saint-Lô
67%
16 41 423 Angoulême
66%
60 55 902 Beauvais
66%
973 63 956 Cayenne
66%
36 43 079 Chateauroux
66%
83 58 499 Fréjus
65%
82 62 487 Montauban
65%
974 85 254 Saint-Pierre
65%
37 15 698 Saint-Pierre-des-Corps
65%
59 42 979 Valenciennes
65%
06 76 612 Antibes
64%
13 51 156 Arles
64%
08 45 634 Charleville-Mézieres
64%
28 37 990 Chartres
64%
27 48 335 Evreux
64%
34 45 090 Sète
64%
62 42 621 Arras
63%
41 47 092 Blois
63%
65 44 529 Tarbes
63%
19 46 769 Brive-la-Gaillarde
62%
33 77 136 Mérignac
62%
58 33 172 Nevers
62%
974 106 220 Saint-Paul
61%
40 14 144 Saint-Paul-lès-Dax
61%
02 52 995 Saint-Quentin
61%
71 34 759 Mâcon
60%
47 32 193 Agen
59%
62 41 039 Boulogne-sur-Mer
59%
83 55 384 Hyères
59%
976 71 437 Mamoudzou
59%
06 30 326 Menton
59%
24 29 876 Périgueux
59%
69 66 701 Vénissieux
59%
49 54 074 Cholet
58%
88 32 296 Epinal
58%
02 24 066 Laon
58%
40 31 455 Mont-de-Marsan
58%
84 29 357 Orange
58%
12 24 136 Rodez
58%
61 25 667 Alençon
57%
30 45 025 Alès
57%
81 42 700 Castres
57%
40 21 716 Dax
57%
13 48 818 Martigues
57%
26 40 356 Montélimar
57%
03 25 702 Vichy
56%
15 26 189 Aurillac
55%
85 48 740 Les Sables-d'Olonne
55%
970 94 285 Nouméa
55%
83 36 623 Saint-Raphaël
55%
06 48 669 Grasse
54%
33 66 874 Pessac
54%
17 25 312 Saintes
54%
45 22 088 Saint-Jean-de-Braye
54%
45 16 608 Saint-Jean-de-la-Ruelle
54%
13 47 724 Aubagne
53%
46 19 902 Cahors
53%
51 43 218 Chalons-en-Champagne
53%
83 40 789 Draguignan
53%
74 37 689 Thonon-les-Bains
53%
13 44 044 Istres
52%
974 81 964 Le Tampon
52%
69 36 224 Villefranche-sur-Saone
52%
74 37 595 Annemasse
51%
83 62 905 La Seyne-sur-Mer
51%
42 35 364 Roanne
51%
973 51 732 Saint-Laurent-du-Maroni
51%
06 31 645 Saint-Laurent-du-Var
51%
57 42 778 Thionville
51%
38 31 555 Vienne
51%
32 22 825 Auch
50%
60 40 808 Compiègne
50%
76 28 599 Dieppe
50%
59 39 833 Douai
50%
28 31 205 Dreux
50%
03 33 317 Montluçon
50%
03 19 344 Moulins
50%
59 62 342 Villeneuve d'Ascq
50%
24 26 852 Bergerac
49%
25 25 516 Montbéliard
49%
08 16 727 Sedan
48%
04 17 694 Digne-les-Bains
47%
974 33 670 Le Port
47%
43 18 989 Le Puy-en-Velay
47%
33 24 668 Libourne
47%
89 27 275 Sens
47%
18 25 254 Vierzon
47%
73 32 175 Aix-les-Bains
46%
12 21 859 Millau
46%
974 54 478 Saint-Louis
46%
68 22 530 Saint-Louis
46%
49 26 074 Saumur
46%
70 15 306 Vesoul
46%
73 19 706 Albertville
45%
55 14 615 Bar-le-Duc
45%
06 52 852 Cagnes-sur-Mer
45%
17 23 188 Rochefort
45%
55 16 610 Verdun
45%
59 31 568 Cambrai
44%
52 21 418 Chaumont
44%
39 23 784 Dole
44%
13 13 962 Saint-Martin-de-Crau
44%
38 38 022 Saint-Martin-d'Hères
44%
13 44 553 Salon-de-Provence
44%
34 29 612 Agde
43%
21 20 233 Beaune
43%
62 25 342 Béthune
43%
69 42 850 Bron
43%
84 30 854 Carpentras
43%
29 20 632 Concarneau
43%
35 20 602 Fougères
43%
971 51 760 Les Abymes
43%
01 22 378 Oyonnax
43%
02 28 667 Soissons
43%
80 22 406 Abbeville
42%
39 16 942 Lons-le-Saunier
42%
13 33 164 Marignane
42%
69 49 193 Saint-Priest
42%
64 42 288 Anglet
41%
31 27 314 Blagnac
41%
22 14 966 Dinan
41%
22 20 525 Lannion
41%
59 28 879 Maubeuge
41%
52 22 811 Saint-Dizier
41%
60 36 494 Creil
40%
67 36 070 Haguenau
40%
974 35 584 Sainte-Marie
40%
972 14 827 Sainte-Marie
40%
44 50 561 Saint-Herblain
40%
29 15 220 Morlaix
39%
26 33 139 Romans-sur-Isère
39%
974 57 546 Saint-André
39%
69 52 448 Vaulx-en-Velin
39%
86 31 105 Châtellerault
38%
16 18 466 Cognac
38%
14 19 540 Lisieux
38%
971 14 855 Pointe-à-Pitre
38%
44 43 349 Rezé
38%
974 37 585 Saint-Benoit
38%
38 36 708 Echirolles
37%
51 22 022 Epernay
37%
57 21 111 Forbach
37%
973 24 470 Kourou
37%
13 37 599 La Ciotat
37%
17 19 322 Royan
37%
06 40 198 Le Cannet
36%
88 19 324 Saint-Dié-des-Vosges
36%
33 45 869 Talence
36%
37 38 432 Joué-lès-Tours
35%
33 30 968 Bègles
34%
45 14 819 Montargis
34%
25 17 928 Pontarlier
34%
57 20 324 Sarreguemines
33%
34 17 592 Lattes
32%
71 20 536 Le Creusot
32%
34 26 380 Lunel
32%
54 17 920 Lunéville
32%
04 22 807 Manosque
32%
31 25 653 Muret
32%
62 14 358 Saint-Omer
32%
60 15 238 Senlis
32%
13 36 612 Vitrolles
32%
69 43 479 Caluire-et-Cuire
31%
34 25 404 Castelnau-le-Lez
31%
31 40 916 Colomiers
31%
60 21 859 Nogent-sur-Oise
31%
63 18 680 Riom
31%
67 19 523 Sélestat
31%
38 29 816 Bourgoin-Jallieu
30%
84 25 890 Cavaillon
30%
970 26 654 Papeete
30%
971 24 415 Sainte-Anne
30%
02 15 068 Château-Thierry
29%
63 15 078 Issoire
29%
72 15 081 La Flèche
29%
76 25 954 Le-Grand-Quevilly
29%
76 21 935 Le Petit-Quevilly
29%
59 40 881 Wattrelos
29%
76 17 961 Fécamp
28%
38 22 471 Fontaine
28%
64 18 074 Hendaye
28%
62 25 764 Hénin-Beaumont
28%
971 18 437 Lamentin
28%
972 39 346 Le Lamentin
28%
59 39 943 Marcq-en-Baroeul
28%
56 14 547 Pontivy
28%
83 14 394 Sainte-Maxime
28%
74 15 925 Saint-Julien-en-Genevois
28%
67 34 382 Schiltigheim
28%
54 29 697 Vandoeuvre-lès-Nancy
28%
59 26 107 Armentières
27%
44 20 535 Carquefou
27%
69 20 943 Givors
27%
09 16 512 Pamiers
27%
42 35 586 Saint-Chamond
27%
76 29 039 Sotteville-lès-Rouen
27%
47 22 004 Villeneuve-sur-Lot
27%
14 17 411 Vire Normandie
27%
79 19 860 Bressuire
26%
13 15 694 Fos-sur-Mer
26%
34 23 788 Frontignan
26%
33 27 141 La-Teste-de-Buch
26%
47 17 361 Marmande
26%
69 36 437 Meyzieu
26%
44 18 382 Pornic
26%
41 18 377 Romorantin-Lanthenay
26%
974 38 992 Saint-Joseph
26%
972 16 470 Saint-Joseph
26%
44 16 613 La Baule-Escoublac
25%
62 30 113 Liévin
25%
13 25 891 Miramas
25%
974 35 597 Saint-Leu
25%
35 18 892 Vitré
25%
07 17 222 Annonay
24%
42 16 098 Montbrison
24%
57 21 869 Montigny-lès-Metz
24%
41 15 566 Vendôme
24%
27 24 841 Vernon
24%
83 17 846 Brignoles
23%
33 20 382 Bruges
23%
29 14 188 Douarnenez
23%
06 21 201 Mandelieu-la-Napoule
23%
06 19 481 Mougins
23%
45 22 988 Olivet
23%
44 28 341 Orvault
23%
37 16 766 Saint-Cyr-sur-Loire
23%
44 28 373 Saint-Sébastien-sur-Loire
23%
83 36 843 Six-Fours-les-Plages
23%
31 29 724 Tournefeuille
23%
33 42 185 Villenave-d'Ornon
23%
13 21 404 Allauch
22%
67 27 339 Illkirch-Graffenstaden
22%
56 23 188 Lanester
22%
85 16 589 Les Herbiers
22%
71 16 946 Montceau-les-Mines
22%
06 28 579 Vallauris
22%
38 21 604 Voiron
22%
40 15 412 Biscarosse
21%
33 26 784 Cenon
21%
85 22 890 Challans
21%
53 16 539 Château-Gontier-sur-Mayenne
21%
970 29 826 Faaa
21%
33 26 186 Gradignan
21%
14 22 473 Hérouville-Saint-Clair
21%
29 16 327 Landerneau
21%
54 15 492 Longwy
21%
59 22 948 Loos
21%
59 16 042 Saint-Amand-les-Eaux
21%
64 14 690 Saint-Jean-de-Luz
21%
33 32 749 Saint-Médard-en-Jalles
21%
69 22 819 Tassin-la-Demi-Lune
21%
59 20 622 Denain
20%
59 21 785 Hazebrouck
20%
69 21 893 Sainte-Foy-lès-Lyon
20%
56 14 417 Auray
19%
82 14 355 Castelsarrasin
19%
59 20 956 Croix
19%
69 29 905 Décines-Charpieu
19%
13 21 534 Gardanne
19%
44 16 684 Guérande
19%
974 36 390 La Possession
19%
33 24 654 Lormont
19%
59 21 368 Mons-en-Baroeul
19%
84 19 764 Pertuis
19%
13 15 525 Tarascon
19%
59 20 674 Wasquehal
19%
83 26 316 La Garde
18%
59 22 161 La Madeleine
18%
972 21 490 Le Robert
18%
84 20 315 L'Isle-sur-la-Sorgue
18%
69 19 549 Saint-Fons
18%
30 14 453 Saint-Gilles
18%
49 17 617 Segré-en-Anjou Bleu
18%
44 26 048 Vertou
18%
30 15 695 Beaucaire
17%
35 18 076 Cesson-Sévigné
17%
63 20 020 Cournon-d'Auvergne
17%
61 14 308 Flers
17%
81 16 080 Gaillac
17%
976 32 156 Koungou
17%
971 27 205 Le Gosier
17%
13 22 423 Les Pennes-Mirabeau
17%
85 20 754 Montaigu-Vendée
17%
974 24 855 Sainte-Suzanne
17%
69 21 329 Saint-Genis-Laval
17%
01 14 584 Saint-Genis-Pouilly
17%
83 17 938 Sanary-sur-Mer
17%
35 19 667 Bruz
16%
13 18 364 Châteauneuf-les-Martigues
16%
74 17 366 Cluses
16%
44 23 541 Couëron
16%
33 24 436 Eysines
16%
59 20 347 Grande-Synthe
16%
33 22 643 Gujan-Mestras
16%
59 27 105 Lambersart
16%
83 23 660 La Valette-du-Var
16%
54 14 383 Pont-à-Mousson
16%
83 17 691 Saint-Maximin-la-Sainte-Baume
16%
74 17 041 Sallanches
16%
79 13 949 Thouars
16%
01 15 554 Ambérieu-en-Bugey
15%
30 18 124 Bagnols-sur-Cèze
15%
31 17 431 Balma
15%
44 20 590 Bouguenais
15%
62 21 997 Bruay-la-Buissière
15%
970 35 873 Dumbéa
15%
976 17 831 Dzaoudzi
15%
69 18 019 Ecully
15%
42 17 128 Firminy
15%
22 16 911 Lamballe-Armor
15%
67 20 683 Lingolsheim
15%
972 19 342 Schoelcher
15%
84 19 030 Sorgues
15%
13 16 668 Châteaurenard
14%
33 24 262 Le Bouscat
14%
42 15 579 Saint-Just-Saint-Rambert
14%
06 19 856 Vence
14%
54 14 938 Villers-lès-Nancy
14%
62 17 591 Avion
13%
49 23 887 Beaupréau-en-Mauges
13%
26 19 872 Bourg-les-Valence
13%
59 20 833 Coudekerque-Branche
13%
76 15 774 Elbeuf
13%
45 21 664 Fleury-les-Aubrais
13%
44 20 483 La Chapelle-sur-Erdre
13%
970 27 620 Le Mont-Dore
13%
84 17 985 Le Pontet
13%
38 17 096 L'Isle-d'Abeau
13%
27 18 347 Louviers
13%
973 35 551 Matoury
13%
69 37 928 Oullins-Pierre-Bénite
13%
971 24 299 Petit-Bourg
13%
69 31 479 Rilleux-la-Pape
13%
83 15 006 Roquebrune-sur-Argens
13%
44 16 227 Sainte-Luce-sur-Loire
13%
971 17 494 Sainte-Rose
13%
38 19 018 Villefontaine
13%
971 30 943 Baie-Mahault
12%
63 17 591 Chamalières
12%
21 14 299 Chenôve
12%
33 17 939 Floirac
12%
29 15 401 Guipavas
12%
59 20 684 Halluin
12%
59 18 579 Hem
12%
56 15 831 Hennebont
12%
83 19 416 La Crau
12%
971 22 924 Le Moule
12%
76 20 188 Mont-Saint-Aignan
12%
83 14 320 Ollioules
12%
56 18 873 Ploemeur
12%
42 15 457 Rive-de-Gier
12%
49 25 764 Sèvremoine
12%
57 14 394 Woippy
12%
25 14 009 Audincourt
11%
33 16 786 Blanquefort
11%
49 21 550 Chemillé-en-Anjou
11%
69 15 664 Francheville
11%
10 14 751 Romilly-sur-Seine
11%
74 16 082 Rumilly
11%
44 14 645 Saint-Brévin-les-Pins
11%
06 16 729 Villeneuve-Loubet
11%
13 15 367 Bouc-Bel-Air
10%
60 14 243 Crépy-en-Valois
10%
31 20 239 Cugnaux
10%
57 16 013 Hayange
10%
54 15 126 Laxou
10%
974 14 329 L'Étang-Salé
10%
34 16 417 Mauguio
10%
38 18 790 Meylan
10%
76 15 671 Montivilliers
10%
31 20 471 Plaisance-du-Touch
10%
970 28 781 Punaauia
10%
973 27 037 Remire-Montjoly
10%
59 19 436 Ronchin
10%
38 17 930 Saint-Egreve
10%
45 16 866 Saran
10%
01 16 162 Valserhône
10%
59 15 756 Wattignies
10%
67 18 289 Bischheim
9%
76 14 497 Bois-Guillaume
9%
62 17 966 Carvin
9%
31 15 264 Castanet-Tolosan
9%
28 15 658 Lucé
9%
60 14 091 Méru
9%
970 24 563 Païta
9%
13 16 138 Port-de-Bouc
9%
57 14 828 Saint-Avold
9%
49 15 620 Trélazé
9%
57 17 497 Yutz
9%
49 15 255 Avrillé
8%
59 14 734 Bailleul
8%
76 14 420 Canteleu
8%
33 16 757 Cestas
8%
59 18 310 Faches-Thumesnil
8%
59 14 922 Haubourdin
8%
31 15 172 Ramonville-Saint-Agne
8%
37 15 075 Saint-Avertin
8%
31 14 229 Saint-Orens-de-Gameville
8%
68 15 491 Wittenheim
8%
972 17 837 Ducos
7%
972 15 858 Le François
7%
973 18 807 Macouria
7%
49 16 975 Orée d'Anjou
7%
33 17 298 Ambarès-et-Lagrave
6%
971 17 882 Capesterre-Belle-Eau
6%
59 14 032 Caudry
6%
57 14 759 Fameck
6%
59 14 197 Haumont
6%
49 16 588 Loire-Authion
6%
22 14 527 Plérin
6%
68 14 125 Rixheim
6%
59 15 916 Sin-le-Noble
6%
68 15 115 Illzach
5%
59 13 987 Lys-lez-Lannoy
5%
971 15 839 Morne-à-l'Eau
5%
976 13 989 Bandraboua
4%
64 14 037 Billère
4%
976 15 848 Dembeni
4%
49 18 514 Mauges-sur-Loire
4%
49 15 684 Montrevault-sur-Èvre
4%
970 18 201 Moorea-Maiao
4%
970 14 068 Pirae
4%
970 14 623 Mahina
2%
Aucun quiz correspondant
Distribution des résultats
% des personnes avec chaque résultat
Percentile par nombre de réponses
Votre historique - résultats
Vous n’avez pas pris ce quiz depuis la dernière actualisation